<?xml version="1.0" encoding="UTF-8"?>
<marc:record xmlns:marc="http://www.loc.gov/MARC21/slim">
   <marc:leader>00000nam a2200000 a 4500</marc:leader>
   <marc:datafield ind1="1" ind2=" " tag="100">
      <marc:subfield code="a">Janisch, Heinz</marc:subfield>
      <marc:subfield code="4">aut</marc:subfield>
      <marc:subfield code="e">Verfasser/-in</marc:subfield>
   </marc:datafield>
   <marc:datafield ind1=" " ind2=" " tag="653">
      <marc:subfield code="a">Tod</marc:subfield>
   </marc:datafield>
   <marc:datafield ind1=" " ind2=" " tag="653">
      <marc:subfield code="a">Fantasie</marc:subfield>
   </marc:datafield>
   <marc:datafield ind1="0" ind2="0" tag="245">
      <marc:subfield code="a">Rote Wangen</marc:subfield>
   </marc:datafield>
   <marc:datafield ind1=" " ind2="1" tag="264">
      <marc:subfield code="b">Aufbau</marc:subfield>
      <marc:subfield code="c">2006</marc:subfield>
   </marc:datafield>
   <marc:datafield ind1="1" ind2=" " tag="520">
      <marc:subfield code="a">Die blaue Teekanne dampft, der Ofen glüht, draußen sind die Bäume kahl. Im Winter des Lebens ist im Idealfall Zeit, den Enkeln von früher zu erzählen. Weil der drahtige Großvater in seinem Stuhl aber so lebhaft schaukelt, als sei er selbst noch ein ungeduldiger Schüler, bleibt zunächst verborgen, dass "Rote Wangen" auch vom Altwerden und Sterben handelt. Ein Aufsatzthema wie "Mein Großvater" scheint den Enkel dazu gebracht zu haben, dessen Geschichten von gefährlich süßen Honigkuchen, Knödel essenden Schneemenschen und famosen Bergschnabeltieren aufzuschreiben. Man sieht liniertes Heftpapier, darauf kurze Sätzen in sorgfältigen Schönschrift-Druckbuchstaben. </marc:subfield>
   </marc:datafield>
   <marc:datafield ind1=" " ind2=" " tag="020">
      <marc:subfield code="a">9783351040628</marc:subfield>
      <marc:subfield code="9">9783351040628</marc:subfield>
   </marc:datafield>
   <marc:datafield ind1="3" ind2=" " tag="024">
      <marc:subfield code="a">3351040628</marc:subfield>
   </marc:datafield>
</marc:record>
